دراسة مقارنة بين اللغة العربية و التجرية عل المستوى الصرفى : الضمير و اسم الاشارة و اسم الموصول
محفوظ في:
| المؤلف الرئيسي: | |
|---|---|
| مؤلفون آخرون: | |
| التنسيق: | أطروحة |
| اللغة: | Arabic |
| منشور في: |
خرطوم
: معهد خرطوم دولى غة عربية،
1984
|
| الموضوعات: | |
| الوسوم: |
إضافة وسم
لا توجد وسوم, كن أول من يضع وسما على هذه التسجيلة!
|
| LEADER | 013580000a22003130004500 | ||
|---|---|---|---|
| 001 | 88568 | ||
| 005 | 20021114221900.0 | ||
| 008 | 940131s1984 ara | ||
| 035 | |a 294851 | ||
| 035 | |a (Sirsi) 88568 | ||
| 040 | |a UIAM |b eng | ||
| 049 | |b m | ||
| 050 | |a PJ6131 | ||
| 100 | 1 | |a مسمر، صالح فكاك | |
| 245 | 1 | 0 | |a دراسة مقارنة بين اللغة العربية و التجرية عل المستوى الصرفى : |b الضمير و اسم الاشارة و اسم الموصول |
| 246 | 0 | 0 | |a Dirasah muqaranah bayna al-lughah al-'Arabiyah wa-al-Tijriyah 'ala al-mustawa al-sarfi :al-damir wa-ism al-isharah wa-ism al-mawsul / |c i'dad Salih Fakkak Mismar; ishraf Injil 'Aziz |
| 260 | 1 | |a خرطوم |b : معهد خرطوم دولى غة عربية، |c 1984 | |
| 300 | |a 87 p. | ||
| 502 | |a (M.A.)--Ma'had al-Khartoum al-Dawli lil-Lughat al-'Arabiyah, 1984 | ||
| 596 | |a 1 | ||
| 650 | 0 | |a Arabic language |x Inflection | |
| 650 | 0 | |a Tigre language |x Inflection | |
| 650 | 0 | |a Arabic language |x Grammar, Comparative Tigre | |
| 650 | 0 | |a Tigre language |x Grammar, Comparative Arabic | |
| 655 | 0 | 7 | |a Theses, non-IIUM |
| 700 | 1 | |a Mismar, Salih Fakkak | |
| 900 | |a mas-abu | ||
| 999 | |c 430523 |d 462014 | ||
| 952 | |0 0 |6 T PJ 006131 M678D |7 0 |8 THESES |9 749791 |a IIUM |b IIUM |c MULTIMEDIA |g 0.00 |o t PJ6131M678D |p 00000294855 |r 2017-10-20 |t 1 |v 0.00 |y THESIS | ||
